000 00545nam a2200145 4500
999 _c16802
_d16802
008 180405b ||||| |||| 00| 0 eng d
082 _aDPer 050 Dec 2015-Mar 2016 T48 v186-187
100 _aGibbs, Nancy.
_927658
245 _aMeet motto, Time's new site for advice worth sharing/
_cNancy Gibbs and Callie Schweitzer.
260 _aNew York:
_bTime Inc.,
_c©Dec 2015-Mar 2016.
300 _av187 n6-7, page 20:
_billustrations;
_c27 cm.
650 _aWeb sites.
_927173
700 _aSchweitzer,Callie.
_eAuthor.
_944943
942 _2ddc
_cPER